书目信息 |
| 题名: |
基本语文与实用数学
|
|
| 作者: | 蔡国英 主编 | |
| 分册: | ||
| 出版信息: | 银川 宁夏人民出版社 2009.05 |
|
| 页数: | 87页 | |
| 开本: | 21cm | |
| 丛书名: | 走进小康丛书 | |
| 单 册: | ||
| 中图分类: | H1 , O1 | |
| 科图分类: | ||
| 主题词: | 汉语--han yu--基本知识 , 数学--shu xue--基本知识 | |
| 电子资源: | ||
| ISBN: | 978-7-227-04066-8 | |
| 000 | 00969nam 2200301 450 | |
| 001 | 012010773765 | |
| 005 | 20100412112146.25 | |
| 010 | @a978-7-227-04066-8@dCNY7.20 | |
| 100 | @a20100411d2009 em y0chiy0120 ea | |
| 101 | 0 | @achi |
| 102 | @aCN@b630000 | |
| 105 | @aak z 000yy | |
| 106 | @ar | |
| 200 | 1 | @a基本语文与实用数学@Aji ben yu wen yu shi yong shu xue |
| 210 | @a银川@c宁夏人民出版社@d2009.05 | |
| 215 | @a87页@c图@d21cm | |
| 225 | 2 | @a走进小康丛书@Azou jin xiao kang cong shu |
| 314 | @a书中责任者: 蔡国英主编 | |
| 330 | @a本书分基本语文和实用数学两部分。具体内容包括:常用汉字及词语、语文知识、应用文写作、数字和数位、加法和减法、整数乘法等。 | |
| 333 | @a本书适用于广大农民读者。 | |
| 410 | 0 | @12001 @a走进小康丛书 |
| 606 | 0 | @a汉语@Ahan yu@x基本知识 |
| 606 | 0 | @a数学@Ashu xue@x基本知识 |
| 690 | @aH1@v4 | |
| 690 | @aO1@v4 | |
| 701 | 0 | @a蔡国英@Acai guo ying@4主编 |
| 801 | 0 | @aCN@bQSSK@c20100412 |
| 905 | @b776930-32@dH1@eC038@f3 | |
| 基本语文与实用数学.-银川:宁夏人民出版社,2009.05 |
| 87页:图;21cm.-(走进小康丛书) |
| 使用对象:本书适用于广大农民读者。 |
| ISBN 978-7-227-04066-8:CNY7.20 |
| 本书分基本语文和实用数学两部分。具体内容包括:常用汉字及词语、语文知识、应用文写作、数字和数位、加法和减法、整数乘法等。 |
| ● |
| 相关链接 |
|
|
|
正题名:基本语文与实用数学
索取号:H1/C038
 
预约/预借
| 序号 | 登录号 | 条形码 | 馆藏地/架位号 | 状态 | 备注 |
| 1 | 776930 | 207769306 | 语言库209/209语言库 69排1列1层/ [索取号:H1/C038] | 在馆 | |
| 2 | 776931 | 207769315 | 语言库209/209语言库 69排1列1层/ [索取号:H1/C038] | 在馆 | |
| 3 | 776932 | 207769324 | 语言库209/209语言库 69排1列1层/ [索取号:H1/C038] | 在馆 |